Ako vzdorovať hospodárskej kríze
Protikrízové opatrenia. Analýza svojej situácie. Nové výberové konania na dodávateľov. Zváženie zníženia nákladov. Produktivita ľudí a celého tímu. Motivácia tímu. Efektívna motivácia tímu. Efektívna komunikácia a riadenie zamestnancov. Budúcnosť a stratégie. Inovácie. Kvalitné vzťahy so zákazníkmi....
Salvato in:
| Natura: | Capitolo di libro |
|---|---|
| Lingua: | slovacco |
| Soggetti: | |
| Tags: |
Nessun Tag, puoi essere il primo ad aggiungerne!!
|
MARC
| LEADER | 00000naa$a2200000$$$4500 | ||
|---|---|---|---|
| 001 | 0093200 | ||
| 005 | 20230912093849.8 | ||
| 041 | 0 | |a slo | |
| 044 | |a SK | ||
| 245 | 1 | 0 | |a Ako vzdorovať hospodárskej kríze |
| 520 | |a Protikrízové opatrenia. Analýza svojej situácie. Nové výberové konania na dodávateľov. Zváženie zníženia nákladov. Produktivita ľudí a celého tímu. Motivácia tímu. Efektívna motivácia tímu. Efektívna komunikácia a riadenie zamestnancov. Budúcnosť a stratégie. Inovácie. Kvalitné vzťahy so zákazníkmi. Hotovosť v prípade potreby. | ||
| 610 | 2 | 0 | |a kríza hospodárska |
| 610 | 2 | 0 | |a opatrenia racionalizačné |
| 610 | 2 | 0 | |a firmy |
| 610 | 2 | 0 | |a náklady |
| 610 | 2 | 0 | |a inovácia |
| 610 | 2 | 0 | |a motivácia |